000 00498cab a22001935a 4500
001 L153326
008 110711e20110708xxkd f 000 0 eng d
035 _a(Sirsi) u153326
041 0 _aeng
100 1 _aMoone, Brian
245 0 0 _aLead times
_bApril-July 2011
260 _c2011
490 0 _aBuilding
_v276 (8686) 8 July 2011, 50-51(2)
520 _aLead times remain stable.
590 _aKA
651 4 _aUnited Kingdom
_y
690 _aBUILT ENVIRONMENT-BUILDING ELEMENTS
942 _n0
999 _c83262
_d83262